000 00957nam a2200301Ia 4500
001 Para_7119
003 CHAP
008 220125s1982 xx 000 0 und d
010 _a206005
040 _cCHAP
090 _aPA FOLLETO 3054
100 _aVillegas, Evangelina
_9119792
245 _aMétodos químicos usados en el CIMMYT para determinar la calidad de proteína de los cereales /
_c por Evangelina Villegas, Enrique Ortega y Reinald Baver
260 _aEl Batán, Méx. :
_b CIMMYT
300 _a39 p.
650 _aCereales
_x proteínas
_921458
650 _aQuímica vegetal
_993602
700 _aBaver, Reinald
_910978
700 _aOrtega, Enrique
_983903
710 _aCentro Internacional de Mejoramiento de Maíz y Trigo
_921207
901 _aPA FOLLETO 3054
902 _aA
905 _a0000001982 a 0000000000 00
910 _a1982
942 _cPARA
942 _cPARA
_d1
999 _c206005
_d206005